000 01308nam a2200229Ia 4500
001 L220-4145
003 IT-CnALBA
008 170116s9999||||xx |||||||||||||| ||und||
040 _aIT-CnALBA
_cIT-CnALBA
041 _aBILINGUE
100 _aPAOLO, APOSTOLO E SANTO
245 0 _aSACRA SCRITTURA. NUOVO TESTAMENTO GIUSTA LA VOLGATA, LATINO E ITALIANO. II CORINTI GAL. EF. FILIP. COL. TESS. TO
250 _a1a ed.
260 _a GE LUGDUNI
_bOLZATI AGOST., STAMPERIA
_c1792 [1° Ed.:1792 - Ed.Ling.Originale: 1792]
300 _a544 p. (prefazione: 16)
500 _aPREFAZIONI. SPIEGAZIONI LETTERALI E SPIRITUALI TRATTE DAI SS. PADRI E AUTORI ECCLESIASTICI DA DON LUIGI ISACCO LE MAISTRE DE SACY TRADOTTE IN FRANCESE. EDIZIONE ILLUSTRATA. LETTERE DI S. PAOLO. II AI CORINTI GALATI EFESINI FILIPPESI COLOSSESI TESSALONICES
501 _aSocietà San Paolo EM - Piazza San Paolo, 14 - 12051 ALBA (CN) (non commercial uses only) ® Copyright 2017
520 _aPREFAZIONI. SPIEGAZIONI LETTERALI E SPIRITUALI TRATTE DAI SS. PADRI E AUTORI ECCLESIASTICI DA DON LUIGI ISACCO LE MAISTRE DE SACY TRADOTTE IN FRANCESE. EDIZIONE ILLUSTRATA. LETTERE DI S. PAOLO. II AI CORINTI GALATI EFESINI FILIPPESI COLOSSESI TESSALONICES
650 _aBIBBIA - TESTI E COMMENTI
942 _cBK
957 _71
999 _a5123
_bSI
_g Copie: 1
_c263331
_d263331